All the King´s Men
में बचाया:
| मुख्य लेखक: | |
|---|---|
| स्वरूप: | पुस्तक |
| भाषा: | Undetermined |
| प्रकाशित: |
New York, Estados Unidos
Harcourt, Brace & World
1965
|
| विषय: | |
| टैग: |
टैग जोड़ें
कोई टैग नहीं, इस रिकॉर्ड को टैग करने वाले पहले व्यक्ति बनें!
|
MARC
| LEADER | 00000nam a2200000Ia 4500 | ||
|---|---|---|---|
| 008 | 170316s9999 xx 000 0 und d | ||
| 040 | |a cru BVZT | ||
| 090 | |a 810 W-7a | ||
| 100 | |a Warren´s, Robert Penn | ||
| 245 | |a All the King´s Men | ||
| 260 | |a New York, Estados Unidos | ||
| 260 | |b Harcourt, Brace & World | ||
| 260 | |c 1965 | ||
| 300 | |a 102 páginas | ||
| 650 | |a LITERATURA ESTADOUNIDENSE | ||
| 999 | |c 6311 |d 6311 | ||
| 942 | |c 15 D |h 810 W-7a |2 z | ||
